• 首页
  • 本馆介绍
  • 公告通知
  • 最新文献
  • 馆藏检索
  • 电子资源
  • 读者导购
  • 参考咨询
  • 我的图书馆
  • 登录
  • 详细信息显示
  • 放入我的书架
  • 预约/预借图书
  • 作者相关作品
  • 分类相关作品
  • 丛书相关作品
  • 出版社相关作品

书目信息

  • 表格格式
  • 工作单格式
  • 卡片格式
题名:
麦克阿瑟
    
 
作者: 严明贵 著
分册:  
出版信息: 北京   中国华侨出版社  2015
页数: 293页
开本: 24cm
丛书名:
单 册:
中图分类: K837.125.2=533 , K837.125
科图分类:
主题词:
电子资源:
ISBN: 978-7-5113-5203-3
000 00791nam0 2200229 450
001 1671975501
005 20150706215244.0
010    @a978-7-5113-5203-3@dCNY35.00
100    @a20150712d2015 em y0chiy50 ea
101 0  @achi
102    @aCN@b110000
105    @aa z 000yd
106    @ar
200 1  @a麦克阿瑟@9mai ke a se@f严明贵著
210    @a北京@c中国华侨出版社@d2015
215    @a293页@c图@d24cm
330    @a本书以麦克阿瑟的军事生涯为主线,记述了他在二战期间参与的重大军事活动,展现了其卓著的军事才能。内容包括:饮恨菲律宾、移师澳大利亚、揭开反攻的帷幕、决战太平洋、最后的胜利等六章。
600  0 @a麦克阿瑟@c(MacArthur, Douglas@f1880-1964)@x生平事迹
690    @aK837.125.2=533@v5
690    @aK837.125@v4
701  0 @a严明贵@9yan ming gui@4著
905    @aBZT@dK837.125@e13
    
    麦克阿瑟/严明贵著.-北京:中国华侨出版社,2015
    293页:图;24cm
    
    
    ISBN 978-7-5113-5203-3:CNY35.00
    本书以麦克阿瑟的军事生涯为主线,记述了他在二战期间参与的重大军事活动,展现了其卓著的军事才能。内容包括:饮恨菲律宾、移师澳大利亚、揭开反攻的帷幕、决战太平洋、最后的胜利等六章。
●
相关链接 在五车中查询图书 在当当中查询图书 在豆瓣中查询图书


正题名:麦克阿瑟     索取号:K837.125/13         预约/预借

序号 登录号 条形码 馆藏地/架位号 状态 备注
1 808765   2000808765   第二书库/ [索取号:K837.125/13] 已借出,限还日期为2021.05.19
借出人:王进博  
 
2 808766   2000808766   第二书库/ [索取号:K837.125/13] 在馆    
3 808767   2000808767   第二书库/ [索取号:K837.125/13] 在馆    
山东省滨州职业学院图书馆 欢迎您!
大连网信软件有限公司© 版权所有